<?xml version="1.0" encoding="UTF-8"?>
<record
    xmlns:xsi="http://www.w3.org/2001/XMLSchema-instance"
    xsi:schemaLocation="http://www.loc.gov/MARC21/slim http://www.loc.gov/standards/marcxml/schema/MARC21slim.xsd"
    xmlns="http://www.loc.gov/MARC21/slim">

  <leader>01134nam a22002537a 4500</leader>
  <controlfield tag="001">76921</controlfield>
  <controlfield tag="003">BD-RjUL</controlfield>
  <controlfield tag="005">20211209082915.0</controlfield>
  <controlfield tag="008">200206s2017    bg ||||| |||| 00| 0 ben d</controlfield>
  <datafield tag="020" ind1=" " ind2=" ">
    <subfield code="a">9789849293439</subfield>
  </datafield>
  <datafield tag="035" ind1=" " ind2=" ">
    <subfield code="a">(BD-RjUL)77145</subfield>
  </datafield>
  <datafield tag="040" ind1=" " ind2=" ">
    <subfield code="a">BD-RjUL</subfield>
    <subfield code="b">eng</subfield>
    <subfield code="c">BD-RjUL</subfield>
  </datafield>
  <datafield tag="041" ind1=" " ind2=" ">
    <subfield code="a">eng</subfield>
  </datafield>
  <datafield tag="082" ind1=" " ind2=" ">
    <subfield code="2">23</subfield>
    <subfield code="a">627.120954</subfield>
    <subfield code="b">RAH 2017</subfield>
  </datafield>
  <datafield tag="100" ind1=" " ind2=" ">
    <subfield code="a">&#x9B0;&#x9B9;&#x9AE;&#x9BE;&#x9A8;, &#x9B8;&#x9B0;&#x9A6;&#x9BE;&#x9B0; &#x986;&#x9AC;&#x9A6;&#x9C1;&#x9B0; </subfield>
    <subfield code="9">238906</subfield>
  </datafield>
  <datafield tag="245" ind1=" " ind2=" ">
    <subfield code="a">&#x9B9;&#x9BF;&#x9AE;&#x9BE;&#x9B2;&#x9AF;&#x9BC;&#x9C7;&#x9B0; &#x9AD;&#x9BE;&#x99F;&#x9BF;&#x9A4;&#x9C7; &#x9AD;&#x9BE;&#x9B0;&#x9A4;&#x9C7;&#x9B0; &#x9A8;&#x9A6;&#x9C0;-&#x9A8;&#x9BF;&#x9AF;&#x9BC;&#x9A8;&#x9CD;&#x9A4;&#x9CD;&#x9B0;&#x9A3; &#x9AA;&#x9CD;&#x9B0;&#x995;&#x9B2;&#x9CD;&#x9AA; &#x993; &#x9AC;&#x9BE;&#x982;&#x9B2;&#x9BE;&#x9A6;&#x9C7;&#x9B6;&#x9C7;&#x9B0; &#x985;&#x9AC;&#x9B8;&#x9CD;&#x9A5;&#x9BE;&#x9A8; /</subfield>
    <subfield code="c">&#x9B8;&#x9B0;&#x9A6;&#x9BE;&#x9B0; &#x986;&#x9AC;&#x9A6;&#x9C1;&#x9B0; &#x9B0;&#x9B9;&#x9AE;&#x9BE;&#x9A8; </subfield>
  </datafield>
  <datafield tag="260" ind1=" " ind2=" ">
    <subfield code="a">&#x9A2;&#x9BE;&#x995;&#x9BE; :</subfield>
    <subfield code="b">&#x9AE;&#x9BE;&#x993;&#x9B2;&#x9BE; &#x9AC;&#x9CD;&#x9B0;&#x9BE;&#x9A6;&#x9BE;&#x9B0;&#x9CD;&#x9B8;,</subfield>
    <subfield code="c">&#x9E8;&#x9E6;&#x9E7;&#x9ED;</subfield>
  </datafield>
  <datafield tag="300" ind1=" " ind2=" ">
    <subfield code="a">&#x9E7;&#x9EE;&#x9EA; &#x9AA;&#x9C3;. :</subfield>
    <subfield code="b">&#x99A;&#x9BF;&#x9A4;&#x9CD;&#x9B0;, &#x9AE;&#x9CD;&#x9AF;&#x9BE;&#x9AA; ;</subfield>
    <subfield code="c">&#x9E8;&#x9E8; &#x9B8;&#x9C7;&#x9AE;&#x9BF;.</subfield>
  </datafield>
  <datafield tag="504" ind1=" " ind2=" ">
    <subfield code="a">&#x9AC;&#x9BF;&#x9AC;&#x9B2;&#x9BF;&#x993;&#x997;&#x9CD;&#x9B0;&#x9BE;&#x9AB;&#x9BF; &#x993; &#x987;&#x9A8;&#x9A1;&#x9C7;&#x995;&#x9CD;&#x9B8; &#x9B8;&#x9AE;&#x9CD;&#x9AC;&#x9B2;&#x9BF;&#x9A4;&#x964;</subfield>
  </datafield>
  <datafield tag="650" ind1=" " ind2=" ">
    <subfield code="a">River engineering</subfield>
    <subfield code="z">India</subfield>
    <subfield code="9">238907</subfield>
  </datafield>
  <datafield tag="650" ind1=" " ind2=" ">
    <subfield code="a">Physical geography.</subfield>
    <subfield code="9">238908</subfield>
  </datafield>
  <datafield tag="650" ind1=" " ind2=" ">
    <subfield code="a">River engineering</subfield>
    <subfield code="x">Environmental aspects</subfield>
    <subfield code="9">238909</subfield>
  </datafield>
  <datafield tag="942" ind1=" " ind2=" ">
    <subfield code="2">ddc</subfield>
    <subfield code="c">BK</subfield>
  </datafield>
  <datafield tag="999" ind1=" " ind2=" ">
    <subfield code="c">76921</subfield>
    <subfield code="d">76921</subfield>
  </datafield>
  <datafield tag="952" ind1=" " ind2=" ">
    <subfield code="0">0</subfield>
    <subfield code="1">0</subfield>
    <subfield code="2">ddc</subfield>
    <subfield code="4">0</subfield>
    <subfield code="7">1</subfield>
    <subfield code="a">RUCL</subfield>
    <subfield code="b">RUCL</subfield>
    <subfield code="c">Reading</subfield>
    <subfield code="d">2019-12-08</subfield>
    <subfield code="e">Heritage Rajshahi</subfield>
    <subfield code="g">450.00</subfield>
    <subfield code="l">0</subfield>
    <subfield code="o">B 627.120954 RAH 2017</subfield>
    <subfield code="r">2020-02-06 00:00:00</subfield>
    <subfield code="t">C-1</subfield>
    <subfield code="w">2020-02-06</subfield>
    <subfield code="y">BK</subfield>
  </datafield>
  <datafield tag="952" ind1=" " ind2=" ">
    <subfield code="0">0</subfield>
    <subfield code="1">0</subfield>
    <subfield code="2">ddc</subfield>
    <subfield code="4">0</subfield>
    <subfield code="7">0</subfield>
    <subfield code="a">RUCL</subfield>
    <subfield code="b">RUCL</subfield>
    <subfield code="c">Stack</subfield>
    <subfield code="d">2019-12-08</subfield>
    <subfield code="e">Heritage Rajshahi</subfield>
    <subfield code="g">450.00</subfield>
    <subfield code="l">0</subfield>
    <subfield code="o">B 627.120954 RAH 2017</subfield>
    <subfield code="r">2020-02-06 00:00:00</subfield>
    <subfield code="t">C-2</subfield>
    <subfield code="w">2020-02-06</subfield>
    <subfield code="y">BK</subfield>
  </datafield>
</record>
